000 00577nam a2200229Ia 4500
003 OSt
005 20220918180134.0
006 a|||||r|||| 00| 0
007 ta
008 220917b |||||||| |||| 00| 0 eng d
024 _a20,803
037 _cTextual
040 _aARTS
_cARTS
_beng
041 _2eng
_aeng
082 _aO:3M12k, F4 (=)
100 _aHayward Arthur L
_955719
245 0 _aDickens encyclopaedia
260 _c1924
650 _aENGLISH LITERATURE
942 _hO:3M12k, F4 (=)
_cTEXL
_2CC
999 _c160441
_d160441